书目信息 |
| 题名: |
电子电路设计
|
|
| 作者: | 科默, , 科默 , 科默, 著 ;王华奎 译 | |
| 分册: | ||
| 出版信息: | 北京 电子工业出版社 2004.08 |
|
| 页数: | 419页 | |
| 开本: | 26cm | |
| 丛书名: | 国外电子与通信教材系列 | |
| 单 册: | ||
| 中图分类: | TN710.02 | |
| 科图分类: | ||
| 主题词: | 电子电路--电路设计--教材 | |
| 电子资源: | ||
| ISBN: | 7-5053-9953-5 | |
| 000 | 01148nam 2200301 450 | |
| 001 | 0133797230 | |
| 005 | 20070628095033.87 | |
| 010 | @a7-5053-9953-5@d43.00CNY | |
| 100 | @a20050315d2004 km y0chiy0120 ea | |
| 101 | 1 | @achi@ceng |
| 102 | @aCN@b110000 | |
| 105 | @aa z 000yy | |
| 200 | 1 | @a电子电路设计@Adian zi dian lu she ji@d= Fundamentals of electronic circuit design@f(美)科默著@F(mei)ke mo zhu@g王华奎 … [等] 译@Gwang hua kui…[deng]yi@zeng |
| 210 | @a北京@c电子工业出版社@d2004.08 | |
| 215 | @a419页@c图@d26cm | |
| 225 | 2 | @a国外电子与通信教材系列 |
| 314 | @a责任者规范汉译姓: 科默。 | |
| 330 | @a本书论述了电子电路设计的技术基础及应用。内容包括基本放大电路及应用、放大器模型和频率特性、半导体二极管和非线性建模等。 | |
| 410 | 0 | @12001 @a国外电子与通信教材系列 |
| 510 | 1 | @aFundamentals of electronic circuit design@zeng |
| 606 | 0 | @a电子电路@x电路设计@x教材 |
| 690 | @aTN710.02@v4 | |
| 701 | 1 | @a科默,@Ake mo,@bD.@g(Comer, Donald)@4著 |
| 701 | 0 | @a科默@Ake mo@4著 |
| 701 | 1 | @a科默,@Ake mo,@bD. J.@g(Comer, David J.)@4著 |
| 702 | 0 | @a王华奎@Awang hua kui@4译 |
| 801 | 0 | @aCN@c20070628 |
| 905 | @dTN710.02@eK516 | |
| 电子电路设计= Fundamentals of electronic circuit design/(美)科默著/王华奎 … [等] 译.-北京:电子工业出版社,2004.08 |
| 419页:图;26cm.-(国外电子与通信教材系列) |
| ISBN 7-5053-9953-5:43.00CNY |
| 本书论述了电子电路设计的技术基础及应用。内容包括基本放大电路及应用、放大器模型和频率特性、半导体二极管和非线性建模等。 |
| ● |
| 相关链接 |
|
|
|
正题名:电子电路设计
索取号:TN710.02/K516
 
预约/预借
| 序号 | 登录号 | 条形码 | 馆藏地/架位号 | 状态 | 备注 |
| 1 | 450168 | 204501681 | 自科库301/301自科库 24排1列2层/ [索取号:TN710.02/K516] | 在馆 | |
| 2 | 498877 | 204988772 | 自科库301/301自科库 23排4列2层/ [索取号:TN710.02/K516] | 在馆 | |
| 3 | 498878 | 204988781 | 自科库301/301自科库 31排1列5层/ [索取号:TN710.02/K516] | 在馆 | |
| 4 | 498879 | 204988790 | 自科库301/301自科库 31排1列5层/ [索取号:TN710.02/K516] | 在馆 |